000 00559nam a2200229Ia 4500
003 OSt
005 20220924142103.0
006 a|||||r|||| 00| 0
007 ta
008 220923b |||||||| |||| 00| 0 ben d
024 _a300340
037 _cTextual
040 _aARTS
_cARTS
_bben
041 _2ben
_aben
082 _aV2:1wM69, 157H9
100 _aGupta
_9154676
245 0 _aKaramyogi avimasa chandra Sen
260 _c1949
650 _aHISTORY
942 _hV2:1wM69, 157H9
_cTEXL
_2CC
999 _c449229
_d449229